[Event "Bielefeld Gr6"]
[Site "Bielefeld"]
[Date "2007.05.28"]
[Round "7"]
[White "Stambler, Georgi"]
[Black "Schimmer, Michael"]
[Result "0-1"]
[WhiteElo "1724"]
[BlackElo "1945"]
[PlyCount "46"]
[EventDate "2007.05.25"]
[EventType "tourn"]
[EventRounds "7"]
[EventCountry "GER"]
[SourceTitle "EXT 2008"]
[Source "ChessBase"]
[SourceDate "2007.11.25"]
[SourceVersion "1"]
[SourceVersionDate "2007.11.25"]
[SourceQuality "1"]

1. e4 d6 2. d4 Nf6 3. Nc3 g6 4. Be2 Bg7 5. f4 c5 6. Be3 cxd4 7. Bxd4 Nc6 8. Be3 0-0 9. Nf3 a6 10. h3 b5 11. a3 Bb7 12. Nd2 Rc8 13. Rb1 e5 14. Nd5 Nxd5 15. exd5 Ne7 16. fxe5 Nxd5 17. Bf2 dxe5 18. Bf3 f5 19. Bxd5+ Qxd5 20. Nf3 Qxd1+ 21. Kxd1 Bxf3+ 22. gxf3 Rfd8+ 23. Kc1 Bh6+ 0-1